| 000 | 01016nam a2200241Ia 4500 | ||
|---|---|---|---|
| 003 | IN-BaIIA | ||
| 008 | 211028s9999 xx 000 0 eng d | ||
| 020 | _a0-521-85205-6 | ||
| 040 | _cIIA Library | ||
| 080 |
_a082.2:52 _bIAU-C199 |
||
| 111 |
_aColloquium of the International Astronomical Union _n199th _cChina _d2005 Mar. 14-18 _929986 |
||
| 245 | 0 |
_aProbing galaxies through quasar absorption lines _bproceedings of the 199th Colloquium of the International Astronomical Union held in Shanghai, China, March 14-18, 2005 _cedited by Peter R. Williams, Cheng-Gang Shu and Brice Menard |
|
| 260 |
_aCambridge _bCambridge University Press _c2005 |
||
| 300 | _axxxiv, 493p. | ||
| 490 | _aIAU colloquium; no. 199 | ||
| 650 |
_aGalaxy _93368 |
||
| 650 |
_aQuasar absorption _929987 |
||
| 700 |
_aMenard, Brice, ed. _929988 |
||
| 700 |
_aShu, Cheng-Gang, ed. _929989 |
||
| 700 |
_aWilliams, Peter R., ed. _929990 |
||
| 710 | _aInternational Astronomical Union | ||
| 942 | _cBK | ||
| 999 |
_c16213 _d16213 |
||